00501nam a2200181 u 450000100070000000500170000700800410002403500110006503500210007604000130009704100080011008200080011810000450012624500430017126000500021430000180026470000370028213403620260506072801.0970725s1940 eng  a134036 a(OCoLC)777974750 ccomduadb aeng 4a82110aScott, Walter, Sir,d1771-18324auteaut10aThe poetical works of Sir Walter Scott aInglaterra :bOxford University Press,c1940. a981 páginas10aRobertson, James Logie4auteaut